From extreme to mainstream: The erosion of social norms (Record no. 517366)

000 -LEADER
fixed length control field 01151nam a22001457a 4500
008 - FIXED-LENGTH DATA ELEMENTS--GENERAL INFORMATION
fixed length control field 210710b ||||| |||| 00| 0 eng d
100 ## - MAIN ENTRY--PERSONAL NAME
Personal name Bursztyn, Leonardo, Egorov, Georgy and Fiorin, Stefano
245 ## - TITLE STATEMENT
Title From extreme to mainstream: The erosion of social norms
260 ## - PUBLICATION, DISTRIBUTION, ETC. (IMPRINT)
Place of publication, distribution, etc The American Economic Review
300 ## - PHYSICAL DESCRIPTION
Extent 110(11), Nov, 2020: p.3522-3548
520 ## - SUMMARY, ETC.
Summary, etc Social norms, usually persistent, can change quickly when new public information arrives, such as a surprising election outcome. People may become more inclined to express views or take actions previously perceived as stigmatized and may judge others less negatively for doing so. We examine this possibility using two experiments. We first show via revealed preference experiments that Donald Trump's rise in popularity and eventual victory increased individuals' willingness to publicly express xenophobic views. We then show that individuals are sanctioned less negatively if they publicly expressed a xenophobic view in an environment where that view is more popular. - Reproduced
773 ## - HOST ITEM ENTRY
Main entry heading The American Economic Review
906 ## - LOCAL DATA ELEMENT F, LDF (RLIN)
Subject DIP SOCIAL NORMS
942 ## - ADDED ENTRY ELEMENTS (KOHA)
Item type Articles
Holdings
Withdrawn status Lost status Source of classification or shelving scheme Damaged status Not for loan Permanent location Current location Date acquired Serial Enumeration / chronology Barcode Date last seen Koha item type
          Indian Institute of Public Administration Indian Institute of Public Administration 2021-07-10 110(11), Nov, 2020: p.3522-3548 AR124707 2021-07-10 Articles

Powered by Koha